| 000 | 00653nam a22001937a 4500 | ||
|---|---|---|---|
| 005 | 20251108164205.0 | ||
| 008 | 250721s1994 xx 000 0 ara d | ||
| 082 | 1 | 4 | _a301,4122/هوك |
| 100 | 1 | _aهوكستشايلد، ارلي | |
| 245 | 1 | 0 | _aالوردية الثانية في حياة المرأة العاملة / |
| 264 | 1 |
_aالقاهرة : _bالدار الدولية للنشر والتوزيع، _c1994. |
|
| 300 | _a408ص. | ||
| 650 | 1 | 7 | _aالمرأة |
| 650 | 1 | 7 | _aالمرأة العاملة |
| 700 | 1 | _aماشنبح، آن | |
| 700 | 1 |
_aالجوهري، عزه عبد الفتاح _eترجمة |
|
| 942 |
_2ddc _cBK |
||
| 999 |
_c5946 _d5946 |
||